000 00273nam a22001217a 4500
082 _a620.1054 MER
100 _aMERIAM, J. L
_913089
245 _aMECHANICS DYNAMICS
260 _aNEW YORK
_bJOHN WILEY
_c1957
300 _a665P
650 _aMECHANICS
_910681
942 _cBK
999 _c569648
_d569648